[Event "EU-ch TT"]
[Site "Pula"]
[Date "1997.??.??"]
[Round "3"]
[White "Fedorov, Alexei"]
[Black "Adams, Michael"]
[Result "1-0"]
[WhiteElo "2580"]
[BlackElo "2660"]
[PlyCount "117"]
[EventDate "1997.05.??"]
[EventType "team"]
[EventRounds "9"]
[EventCountry "CRO"]
[Source "Fruth,M"]
[SourceDate "2003.05.15"]

1. e4 e5 2. f4 exf4 3. Nf3 g5 4. d4 g4 5. Bxf4 gxf3 6. Qxf3 d6 7. Nc3 Nc6 8.
Bc4 Qh4+ 9. Bg3 Qf6 10. Qxf6 Nxf6 11. O-O Nxd4 12. Rxf6 Be6 13. Bd3 Bg7 14.
Rff1 Nc6 15. Nd5 O-O-O 16. c3 h5 17. Bh4 Rde8 18. Bc2 Be5 19. Rf2 Rhg8 20. g3
Rg4 21. Ne3 Rg7 22. Nf5 Rh7 23. a3 a6 24. Rd1 b5 25. Nd4 Na5 26. a4 c5 27. Nf3
Kc7 28. axb5 axb5 29. Bd3 Nc4 30. Ra1 Rb8 31. Ra7+ Rb7 32. Rxb7+ Kxb7 33. b3
Na5 34. Nxe5 dxe5 35. Bxb5 Nxb3 36. Bf6 c4 37. Bxe5 h4 38. Be8 h3 39. Rf4 Rh5
40. Bg7 Nc5 41. Bxf7 Rh7 42. Bd4 Rxf7 43. Bxc5 Kc6 44. Rxf7 Bxf7 45. Bd4 Bg6
46. e5 Kd5 47. Kf2 Ke4 48. e6 Kd5 49. e7 Ke6 50. Bc5 Kd5 51. Bb4 Ke4 52. Ba5
Bf7 53. Bc7 Kd3 54. g4 Kxc3 55. Ke3 Kb4 56. Kd4 Kb5 57. Ke5 Kc6 58. Kf6 Be8 59.
Be5 1-0

[Event "ROM-ch TT"]
[Site "Timisu de Sus"]
[Date "1998.??.??"]
[Round "1"]
[White "Fedorov, Alexei"]
[Black "Timoscenko, Genadij"]
[Result "1-0"]
[WhiteElo "2600"]
[BlackElo "2595"]
[PlyCount "65"]
[EventDate "1998.11.??"]
[EventType "team"]
[EventRounds "5"]
[EventCountry "ROM"]
[Source "Fruth,M"]
[SourceDate "2003.05.15"]

1. e4 e5 2. f4 exf4 3. Nf3 g5 4. h4 g4 5. Ne5 d6 6. Nxg4 Nf6 7. Nf2 Rg8 8. d4
Bh6 9. Nc3 Qe7 10. Nd3 Bg4 11. Be2 Bxe2 12. Qxe2 Nc6 13. e5 dxe5 14. dxe5 Ng4
15. Nd5 Qd7 16. Nf6+ Nxf6 17. exf6+ Kf8 18. O-O Rg4 19. Nxf4 Kg8 20. Ne6 Rxh4
21. Qf2 Rg4 22. Nc5 Qd5 23. Bxh6 Qh5 24. Qe3 Ne5 25. Rae1 Ng6 26. Rf3 Rh4 27.
Rh3 Rxh3 28. gxh3 Qh4 29. Nd3 Rf8 30. Bxf8 Nxf8 31. Qf3 Ng6 32. Kh2 Qh6 33.
Qxb7 1-0

[Event "Bayern-ch Bank Hofmann 3rd"]
[Site "Bad Wiessee"]
[Date "1999.10.23"]
[Round "?"]
[White "Shabalov, Alexander"]
[Black "Smagin, Sergey"]
[Result "1-0"]
[WhiteElo "2566"]
[BlackElo "2583"]
[PlyCount "59"]
[EventDate "1999.10.23"]
[EventType "swiss"]
[EventRounds "9"]
[EventCountry "GER"]
[Source "Fruth,M"]
[SourceDate "2003.05.15"]

1. e4 e5 2. f4 exf4 3. Nf3 g5 4. h4 g4 5. Ne5 Nf6 6. d4 d6 7. Nd3 Nh5 8. Bxf4
Bg7 9. c3 O-O 10. Nd2 f5 11. exf5 Qe8+ 12. Kf2 Bxf5 13. g3 Qg6 14. Nc4 Nc6 15.
Kg1 Be4 16. Rh2 Nxg3 17. Qb3 d5 18. Bxg3 Bxd3 19. Nd2 Bxf1 20. Qxd5+ Kh8 21.
Rxf1 Qd3 22. Rg2 Rxf1+ 23. Nxf1 Rf8 24. Rf2 Re8 25. Qd7 Qe4 26. Rf7 Re7 27.
Qc8+ Re8 28. Qxc7 Ne7 29. Qd7 Nd5 30. Rxg7 1-0

[Event "EM/OL14/GP4/BD6 corr T"]
[Site "e-mail"]
[Date "2000.09.25"]
[Round "?"]
[White "Kosebay, Osman"]
[Black "Busemann, Stephan"]
[Result "0-1"]
[WhiteElo "2547"]
[BlackElo "2594"]
[PlyCount "112"]
[EventDate "2000.??.??"]
[EventType "tourn (corr)"]
[Source "Fruth,M"]
[SourceDate "2003.05.15"]

1. e4 e5 2. f4 exf4 3. Nf3 g5 4. h4 g4 5. Ne5 Nf6 6. d4 d6 7. Nd3 Nxe4 8. Bxf4
Bg7 9. Be2 O-O 10. Nc3 Re8 11. Nxe4 Rxe4 12. c3 g3 13. Bxg3 Bg4 14. Nf4 Qe7 15.
Kf1 Bxe2+ 16. Nxe2 Nd7 17. Bf2 Nf6 18. Ng3 Rf4 19. Nh5 Nxh5 20. Qxh5 Re8 21.
Rh3 Bf6 22. Qb5 Bxh4 23. Rxh4 Rxf2+ 24. Kg1 c6 25. Qh5 Qe3 26. Qxh7+ Kf8 27.
Rh3 Rf3+ 28. Kh2 Rxh3+ 29. Qxh3 Qxh3+ 30. Kxh3 Re2 31. Rb1 b5 32. Kg3 a5 33.
Kf3 Rc2 34. a4 bxa4 35. Ra1 Rxb2 36. Rxa4 Rb5 37. Rc4 Rb6 38. Ra4 Ra6 39. Ke4
d5+ 40. Kf5 Ke7 41. g4 Kd6 42. Kf6 Ra7 43. g5 c5 44. dxc5+ Kxc5 45. Kg7 Kb5 46.
Rd4 a4 47. Rxd5+ Kc6 48. Rd2 a3 49. Ra2 Kd6 50. Kf6 Kd5 51. Ra1 a2 52. c4+ Kd4
53. Kg7 Ke5 54. Kh6 Ke4 55. Kg7 Kf5 56. Kh6 Ra6+ 0-1

[Event "Ciudad de Ubeda 5 op"]
[Site "Ubeda"]
[Date "2000.01.26"]
[Round "8"]
[White "Grischuk, Alexander"]
[Black "Yandemirov, Valeri"]
[Result "1-0"]
[WhiteElo "2549"]
[BlackElo "2472"]
[PlyCount "53"]
[EventDate "2000.01.??"]
[EventType "swiss"]
[EventRounds "10"]
[EventCountry "ESP"]
[Source "Fruth,M"]
[SourceDate "2003.05.15"]

1. e4 e5 2. f4 exf4 3. Nf3 g5 4. h4 g4 5. Ne5 Nc6 6. d4 Nxe5 7. dxe5 d6 8. Bxf4
Bg7 9. Bc4 dxe5 10. Bxf7+ Ke7 11. Bg5+ Nf6 12. Bd5 c6 13. Nc3 h6 14. Bxf6+ Bxf6
15. O-O Be6 16. Rxf6 Kxf6 17. Qf1+ Ke7 18. Bxe6 Qd4+ 19. Kh1 Kxe6 20. Rd1 Raf8
21. Qe2 g3 22. Rxd4 exd4 23. Qg4+ Ke7 24. Qg7+ Ke6 25. Ne2 Rhg8 26. Qxh6+ Rf6
27. Nxd4+ 1-0

[Event "Dubai op"]
[Site "Dubai"]
[Date "2001.04.22"]
[Round "7"]
[White "Fedorov, Alexei"]
[Black "Sorokin, Maxim"]
[Result "1-0"]
[WhiteElo "2590"]
[BlackElo "2538"]
[PlyCount "31"]
[EventDate "2001.04.15"]
[EventType "swiss"]
[EventRounds "9"]
[EventCountry "UAE"]
[Source "Fruth,M"]
[SourceDate "2003.05.15"]

1. e4 e5 2. f4 exf4 3. Nf3 g5 4. h4 g4 5. Ne5 Nf6 6. Nxg4 Nc6 7. Nc3 Rg8 8.
Nxf6+ Qxf6 9. Nd5 Qg6 10. d3 Qg3+ 11. Kd2 Nb4 12. Nf6+ Kd8 13. Qf3 Rg6 14. Nxh7
Be7 15. Ng5 d5 16. c3 1-0

[Event "Dubai op"]
[Site "Dubai"]
[Date "2001.04.23"]
[Round "8"]
[White "Fedorov, Alexei"]
[Black "Safin, Shukhrat"]
[Result "1/2-1/2"]
[WhiteElo "2590"]
[BlackElo "2504"]
[PlyCount "85"]
[EventDate "2001.04.15"]
[EventType "swiss"]
[EventRounds "9"]
[EventCountry "UAE"]
[Source "Fruth,M"]
[SourceDate "2003.05.15"]

1. e4 e5 2. f4 exf4 3. Nf3 g5 4. h4 g4 5. Ne5 d6 6. Nxg4 Nf6 7. Nxf6+ Qxf6 8.
Nc3 Nc6 9. Nd5 Qg6 10. d3 Qg3+ 11. Kd2 Ne7 12. Qe1 Nxd5 13. exd5+ Be7 14. Qxg3
fxg3 15. Be2 Rg8 16. Kd1 Bg4 17. Bg5 Bxg5 18. Bxg4 Bf6 19. Bf5 Kf8 20. c3 Re8
21. d4 h5 22. Kd2 Bg7 23. Kd3 Bh6 24. Rae1 Kg7 25. a4 a5 26. Rhf1 Kf8 27. Rxe8+
Kxe8 28. Kc4 Ke7 29. Kb5 Be3 30. Rf3 Bf2 31. Kxa5 Re8 32. Kb5 Kf8 33. Be6 Re7
34. a5 Kg7 35. Bc8 Re2 36. b4 Be1 37. Bxb7 Rxg2 38. Bc8 Rh2 39. a6 g2 40. a7
g1=Q 41. a8=Q Rf2 42. Rxf2 Qxf2 43. Qc6 1/2-1/2

[Event "FRA-ch"]
[Site "Val d'Isere"]
[Date "2002.08.30"]
[Round "11"]
[White "Degraeve, Jean Marc"]
[Black "Marcelin, Cyril"]
[Result "0-1"]
[WhiteElo "2586"]
[BlackElo "2470"]
[PlyCount "96"]
[EventDate "2002.08.19"]
[EventType "tourn"]
[EventRounds "11"]
[EventCountry "FRA"]
[EventCategory "13"]
[Source "Fruth,M"]
[SourceDate "2003.05.15"]

1. e4 e5 2. f4 exf4 3. Nf3 g5 4. d4 g4 5. Bc4 gxf3 6. Qxf3 d6 7. Bxf4 Be6 8. d5
Bc8 9. O-O Bg7 10. e5 Ne7 11. Bg5 O-O 12. Bf6 Bxf6 13. exf6 Ng6 14. Nc3 Kh8 15.
Ne4 Ne5 16. Qf4 Rg8 17. Ng5 Qf8 18. Rae1 h6 19. Ne6 fxe6 20. dxe6 Nbc6 21. e7
Nxe7 22. fxe7 Qxf4 23. Rxf4 Bd7 24. Bxg8 Kxg8 25. Ref1 Ng6 26. Rf6 Nxe7 27.
Rxh6 Bf5 28. Rf2 Kg7 29. Rh4 Bg6 30. Ra4 b5 31. Ra3 Nd5 32. g4 b4 33. Raf3 Re8
34. h4 Re4 35. Rg3 Nf6 36. g5 Nh5 37. Rh3 Nf4 38. Rhf3 Nh5 39. Rh2 Re1+ 40. Rf1
Re4 41. Kf2 Rc4 42. Ke3 Ng3 43. Rff2 Nf5+ 44. Kd2 Nxh4 45. c3 bxc3+ 46. bxc3
Nf5 47. Rh3 Rg4 48. Rhf3 Rxg5 0-1

[Event "Staunton CC King´s Gambit Theme T"]
[Site "Groningen"]
[Date "2002.09.07"]
[Round "3"]
[White "Ernst, Sipke"]
[Black "Brenninkmeijer, Joris"]
[Result "1-0"]
[WhiteElo "2473"]
[BlackElo "2529"]
[PlyCount "55"]
[EventDate "2002.09.??"]
[EventType "tourn"]
[EventRounds "6"]
[EventCountry "NED"]
[EventCategory "8"]
[Source "Fruth,M"]
[SourceDate "2003.05.15"]

1. e4 e5 2. f4 exf4 3. Nf3 g5 4. Bc4 Nc6 5. O-O Bg7 6. d4 d6 7. c3 h6 8. Qa4
Kf8 9. Na3 Nge7 10. Bd2 Ng6 11. Kh1 Bf6 12. Ng1 Kg7 13. g3 fxg3 14. hxg3 Rf8
15. Rf2 Nce7 16. Raf1 Ng8 17. Nc2 c6 18. Bd3 b5 19. Qa3 c5 20. Bxb5 Bb7 21. d5
Be5 22. Ne3 N6e7 23. c4 Nf6 24. Qd3 Nh5 25. Ne2 Bc8 26. Kg2 Ng6 27. Nf5+ Bxf5
28. exf5 1-0

[Event "ACP Blitz Prelim2"]
[Site "playchess.com INT"]
[Date "2004.04.13"]
[Round "7"]
[White "Notkin, Maksim"]
[Black "Kazhgaleyev, Murtas"]
[Result "0-1"]
[WhiteElo "2471"]
[BlackElo "2596"]
[PlyCount "116"]
[EventDate "2004.04.13"]
[EventType "tourn (blitz)"]
[EventRounds "17"]
[EventCountry "GER"]
[EventCategory "12"]
[Source "ChessBase"]
[SourceDate "2004.05.04"]

1. e4 e5 2. f4 exf4 3. Nf3 g5 4. d4 Bg7 5. Nc3 d6 6. g3 Nc6 7. Bb5 g4 8. Nh4 f3
9. Be3 a6 10. Ba4 b5 11. Bb3 Nf6 12. Qd3 Bd7 13. O-O-O Qe7 14. Bg5 h6 15. Nd5
Qd8 16. Be3 Ne7 17. Nxf6+ Bxf6 18. e5 Bg7 19. exd6 cxd6 20. Bf4 d5 21. Qe3 Be6
22. c3 Qd7 23. Bc2 O-O-O 24. Qd3 Kb7 25. Rhe1 Rc8 26. Kb1 Nc6 27. Nf5 Bf8 28.
Ne3 h5 29. Bb3 Na5 30. Be5 Rh6 31. Bc2 Nc4 32. Nxc4 bxc4 33. Qe3 Bf5 34. Kc1
Bxc2 35. Kxc2 Qf5+ 36. Kc1 Re6 37. Qd2 f6 38. Bf4 Rce8 39. Rxe6 Rxe6 40. Re1
Rxe1+ 41. Qxe1 Qe4 42. Qxe4 dxe4 43. Kd2 Kc6 44. Ke3 Kd5 45. Kf2 f5 46. Ke3 Be7
47. Kf2 h4 48. Ke3 h3 49. Kf2 a5 50. Ke3 a4 51. a3 Bd6 52. Bg5 Bxg3 53. hxg3 h2
54. Kf4 h1=Q 55. Kxf5 f2 56. Kxg4 f1=Q 57. Bf4 Qff3+ 58. Kg5 Qhh5+ 0-1

[Event "Dubai op 6th"]
[Site "Dubai"]
[Date "2004.04.27"]
[Round "8"]
[White "Fedorov, Alexei"]
[Black "Carlsen, Magnus"]
[Result "1/2-1/2"]
[WhiteElo "2616"]
[BlackElo "2552"]
[PlyCount "34"]
[EventDate "2004.04.19"]
[EventType "swiss"]
[EventRounds "9"]
[EventCountry "UAE"]
[Source "ChessBase"]
[SourceDate "2004.07.27"]

1. e4 e5 2. f4 exf4 3. Nf3 g5 4. h4 g4 5. Ne5 d6 6. Nxg4 Nf6 7. Nxf6+ Qxf6 8.
Nc3 Nc6 9. Bb5 Kd8 10. Bxc6 bxc6 11. d3 Rg8 12. Qf3 Bh6 13. Qf2 Rb8 14. Ne2
Rxb2 15. Bxb2 Qxb2 16. O-O Qxc2 17. Nxf4 Qxf2+ 1/2-1/2

[Event "Ostrava GM"]
[Site "Ostrava"]
[Date "2005.05.01"]
[Round "2"]
[White "Jakubiec, Artur"]
[Black "Klima, Lukas"]
[Result "1/2-1/2"]
[WhiteElo "2529"]
[BlackElo "2489"]
[PlyCount "76"]
[EventDate "2005.04.30"]
[EventType "tourn"]
[EventRounds "9"]
[EventCountry "CZE"]
[EventCategory "8"]
[Source "ChessBase"]
[SourceDate "2005.07.11"]

1. f4 e5 2. e4 exf4 3. Nf3 g5 4. Bc4 Bg7 5. d4 d6 6. O-O h6 7. g3 Bh3 8. Re1
Nc6 9. c3 Qd7 10. Qe2 O-O-O 11. gxf4 gxf4 12. Bxf4 Nf6 13. Nbd2 Rhg8 14. Kh1
Rde8 15. d5 Ne7 16. Bb5 c6 17. dxc6 bxc6 18. Ba6+ Kb8 19. Qd3 Nc8 20. Rg1 Ng4
21. Bg3 f5 22. Bxc8 Qxc8 23. Qxd6+ Ka8 24. Rae1 Bf8 25. Qf4 Bc5 26. Nd4 fxe4
27. Nxe4 Rgf8 28. Nd6 Bxd6 29. Qxd6 Rf2 30. Bh4 Rxh2+ 31. Qxh2 Nxh2 32. Kxh2
Bd7 33. Bg3 c5 34. Nb3 Be6 35. Rgf1 Rg8 36. Rf4 Qc6 37. Rf6 Re8 38. Re5 Rc8
1/2-1/2

[Event "61st ch-RUS HL"]
[Site "Novokuznetsk RUS"]
[Date "2008.09.10"]
[Round "7"]
[White "Zvjaginsev, V."]
[Black "Smirnov, P."]
[Result "1/2-1/2"]
[WhiteElo "2663"]
[BlackElo "2592"]
[PlyCount "55"]
[EventDate "2008.09.03"]
[SourceDate "1999.07.01"]

1. e4 e5 2. f4 exf4 3. Nf3 g5 4. Nc3 Nc6 5. g3 d6 6. d4 Bg7 7. d5 Ne5 8. gxf4
gxf4 9. Bxf4 Bg4 10. Bb5+ Kf8 11. Be2 Bxf3 12. Bxf3 Qf6 13. Bxe5 Qxe5 14. O-O
Qd4+ 15. Kh1 Qxd1 16. Nxd1 Re8 17. c3 Nf6 18. Nf2 Rg8 19. Rae1 Bh6 20. Nd3 Nd7
21. Bh5 Re7 22. Rf5 Rg5 23. Rxg5 Bxg5 24. Bg4 Nf6 25. Bf3 Nd7 26. Bg4 Nf6 27.
Bf3 Nd7 28. Bg4 1/2-1/2

[Event "Masters"]
[Site "Trieste ITA"]
[Date "2008.09.02"]
[Round "4"]
[White "Drazic, S."]
[Black "Lalic, B."]
[Result "1/2-1/2"]
[WhiteElo "2505"]
[BlackElo "2533"]
[PlyCount "39"]
[EventDate "2008.08.31"]
[SourceDate "1999.07.01"]

1. e4 e5 2. f4 exf4 3. Nf3 g5 4. h4 g4 5. Ne5 Nf6 6. Bc4 d5 7. exd5 Bd6 8. d4
Nh5 9. O-O O-O 10. Nxg4 Qxh4 11. Nh2 Ng3 12. Rf2 f3 13. Qxf3 Ne4 14. g3 Bxg3
15. Rg2 Kh8 16. Nc3 Bxh2+ 17. Rxh2 Rg8+ 18. Rg2 Rxg2+ 19. Qxg2 Nd6 20. Bd3
1/2-1/2